000 01295nam a2200325 a 4500
001 ebr10180520
003 CaPaEBR
006 m u
007 cr cn|||||||||
008 050301s2005 ne a sb 001 0 eng d
010 _z 2005271919
020 _z0122841514
040 _aCaPaEBR
_cCaPaEBR
035 _a(OCoLC)162130051
043 _an-us---
050 1 4 _aHD9999.B443
_bU6385 2005eb
082 0 4 _a338.4/76606
_222
100 1 _aGimble, Jeffrey M.
245 1 0 _aAcademia to biotechnology
_h[electronic resource] :
_bcareer changes at any stage /
_cJeffrey M. Gimble.
260 _aAmsterdam ;
_aBoston :
_bElsevier Academic Press,
_cc2005.
300 _axvi, 169 p. :
_bill.
504 _aIncludes bibliographical references and index.
533 _aElectronic reproduction.
_bPalo Alto, Calif. :
_cebrary,
_d2013.
_nAvailable via World Wide Web.
_nAccess may be limited to ebrary affiliated libraries.
650 0 _aBiotechnology industries
_zUnited States.
650 0 _aScientists
_xEducation (Higher)
_zUnited States.
650 0 _aCareer changes
_zUnited States.
655 7 _aElectronic books.
_2local
710 2 _aebrary, Inc.
856 4 0 _uhttp://site.ebrary.com/lib/rucke/Doc?id=10180520
_zAn electronic book accessible through the World Wide Web; click to view
999 _c239810
_d239810